000 01286nam a2200241Ia 4500
003 Ost
005 20260507075040.0
008 260507s9999||||xx |||||||||||||| ||und||
040 _cfsecg
041 _aara
082 _a330
100 _aمرعي، عبد الحي عبد الحي
_eمؤلف
245 0 _aمحاسبة التكاليف المتقدمة :
_bلأغراض التخطيط والرقابة /
_c عبد الحي عبد الحي مرعي
260 _aالاسكندرية:
_bالدار الجامعية,
_c2002
300 _a400 صفحة؛
_c25 سم
520 _aمفهوم ومضمون التكلفة، محاسبة المسؤولية وأساليب ومستويات الرقابة، معايير التكلفة وتحليل انحرافات عناصر الاستخدامات المباشرة، معايير التكلفة المباشرة وتحليل الإنحرافات في ضوء ظروف واقعية، نظام إدارة التكلفة، تقدير التكاليف
653 _aالتخطيط
653 _aالرقابة
653 _aمحاسبة التكاليف
700 _a مرعي، عطية عبد الحي
_eمؤلف ثانوي
700 _aمبارك، صلاح الدين عبد المنعم
_eمؤلف ثانوي
942 _cكتاب
999 _c42507
_d42507